|
|
|
|
| LEADER |
00853nam a2200217 a 4500 |
| 001 |
3808747 |
| 008 |
090603s1983 enka 000 0 eng d |
| 010 |
|
|
|a 85111940
|
| 020 |
|
|
|a 0852381298 (pbk.)
|
| 040 |
|
|
|a DLC
|c DLC
|d DLC
|
| 082 |
0 |
0 |
|a 639.3/068/8
|2 19
|
| 100 |
1 |
|
|a Chaston, Ian.
|
| 245 |
1 |
0 |
|a Marketing in fisheries and aquaculture /
|c Ian Chaston.
|
| 260 |
|
|
|a Farnham, Surrey, England :
|b Fishing News Books,
|c c1983.
|
| 300 |
|
|
|a 144 p. :
|b ill. ;
|c 21 cm.
|
| 504 |
|
|
|a Includes bibliography.
|
| 541 |
1 |
|
|e 00003769
|
| 650 |
|
0 |
|a Fishery products
|x Marketing.
|
| 852 |
4 |
|
|a Ayesha Abed Library
|j General Shelf.
|
| 999 |
|
|
|c 1530
|d 1530
|
| 952 |
|
|
|0 0
|1 0
|2 ddc
|4 0
|6 639_306880000000000_CHA_1987
|7 0
|9 1406
|a BRACUL
|b BRACUL
|c GEN
|d 2009-06-28
|g 0.00
|l 1
|m 3
|o 639.30688 CHA
|p 3010003769
|r 2023-02-27
|s 2023-02-08
|t 1
|w 2009-06-28
|y BK
|x No price found in the accession register.
|